Rupakathā / (Record no. 83159)

MARC details
000 -LEADER
fixed length control field 00509cam a2200193 a 4500
001 - CONTROL NUMBER
control field sa 68009813
003 - CONTROL NUMBER IDENTIFIER
control field DLC
005 - DATE AND TIME OF LATEST TRANSACTION
control field 20260227112547.0
008 - FIXED-LENGTH DATA ELEMENTS--GENERAL INFORMATION
fixed length control field 971212s1968 ii 000 0 beno
010 ## - LIBRARY OF CONGRESS CONTROL NUMBER
LC control number sa 68009813
040 ## - CATALOGING SOURCE
Original cataloging agency DLC
Transcribing agency DLC
Modifying agency DLC
050 00 - LIBRARY OF CONGRESS CALL NUMBER
Classification number PK1718.B39
Item number R8
100 1# - MAIN ENTRY--PERSONAL NAME
Personal name Basu, Samareśa,
Dates associated with a name 1924-1988.
245 10 - TITLE STATEMENT
Title Rupakathā /
Statement of responsibility, etc. Samareśa Basu.
260 ## - PUBLICATION, DISTRIBUTION, ETC.
Place of publication, distribution, etc. Kalikātā :
Name of publisher, distributor, etc. Mausumī Prakāśanī,
Date of publication, distribution, etc. 1375 [1968]
300 ## - PHYSICAL DESCRIPTION
Extent 129 p. ;
Dimensions 23 cm.
546 ## - LANGUAGE NOTE
Language note In Bengali.
500 ## - GENERAL NOTE
General note Novel.

No items available.

Powered by Koha